<?xml version="1.0" encoding="UTF-8"?>
<record
    xmlns:xsi="http://www.w3.org/2001/XMLSchema-instance"
    xsi:schemaLocation="http://www.loc.gov/MARC21/slim http://www.loc.gov/standards/marcxml/schema/MARC21slim.xsd"
    xmlns="http://www.loc.gov/MARC21/slim">

  <leader>04120nam a22004937a 4500</leader>
  <controlfield tag="003">PE-LiUPU</controlfield>
  <controlfield tag="005">20250731180158.0</controlfield>
  <controlfield tag="008">220915b        |||||||| |||| 00| 0 spa d</controlfield>
  <datafield tag="020" ind1=" " ind2=" ">
    <subfield code="a">9788481587678</subfield>
  </datafield>
  <datafield tag="040" ind1=" " ind2=" ">
    <subfield code="a">PE-LiUPU</subfield>
    <subfield code="b">spa</subfield>
    <subfield code="c">PE-LiUPU</subfield>
    <subfield code="e">rda</subfield>
  </datafield>
  <datafield tag="082" ind1=" " ind2=" ">
    <subfield code="2">23</subfield>
    <subfield code="a">519.2</subfield>
    <subfield code="b">M672t</subfield>
  </datafield>
  <datafield tag="100" ind1="1" ind2=" ">
    <subfield code="a">Mir&#xE1;s Calvo, Miguel &#xC1;ngel</subfield>
    <subfield code="e">autor</subfield>
    <subfield code="4">aut</subfield>
  </datafield>
  <datafield tag="245" ind1="1" ind2="0">
    <subfield code="a">T&#xE9;cnicas estad&#xED;sticas con hoja de c&#xE1;lculo y R :</subfield>
    <subfield code="b">azar y variabilidad en las ciencias naturales /</subfield>
    <subfield code="c">Miguel &#xC1;ngel Mir&#xE1;s Calvo, Estela S&#xE1;nchez Rodr&#xED;guez</subfield>
  </datafield>
  <datafield tag="264" ind1=" " ind2="1">
    <subfield code="a">Vigo ;</subfield>
    <subfield code="b">Universidade de Vigo, Servizo de Publicaci&#xF3;ns,</subfield>
    <subfield code="c">2018</subfield>
  </datafield>
  <datafield tag="300" ind1=" " ind2=" ">
    <subfield code="a">407 p&#xE1;ginas :</subfield>
    <subfield code="b">gr&#xE1;ficos (blanco y negro y color) ;</subfield>
    <subfield code="c">24 cent&#xED;metros</subfield>
  </datafield>
  <datafield tag="336" ind1=" " ind2=" ">
    <subfield code="a">Texto</subfield>
    <subfield code="2">rdacontent</subfield>
  </datafield>
  <datafield tag="337" ind1=" " ind2=" ">
    <subfield code="a">sin mediaci&#xF3;n</subfield>
    <subfield code="2">rdamedia</subfield>
  </datafield>
  <datafield tag="338" ind1=" " ind2=" ">
    <subfield code="a">volumen</subfield>
    <subfield code="2">rdacarrier</subfield>
  </datafield>
  <datafield tag="490" ind1="0" ind2=" ">
    <subfield code="a">Monograf&#xED;as da Universidade de Vigo. Tecnolox&#xED;a e Ciencias Experimentais</subfield>
    <subfield code="v">25</subfield>
  </datafield>
  <datafield tag="500" ind1=" " ind2=" ">
    <subfield code="a">Incluye ap&#xE9;ndice documental</subfield>
  </datafield>
  <datafield tag="504" ind1=" " ind2=" ">
    <subfield code="a">Bibliograf&#xED;a: p&#xE1;ginas 405-407. &#xCD;ndice</subfield>
  </datafield>
  <datafield tag="505" ind1=" " ind2=" ">
    <subfield code="a">Notaci&#xF3;n y documentos de datos -- Conceptos te&#xF3;ricos y casos pr&#xE1;cticos -- An&#xE1;lisis exploratorio de datos &#x2013; Introducci&#xF3;n -- Tipos de variables -- Tablas de frecuencias -- Representaciones gr&#xE1;ficas -- Medidas de posici&#xF3;n, dispersi&#xF3;n y forma -- Datos at&#xED;picos y diagramas de caja -- Transformaciones no lineales -- Ejercicios y casos pr&#xE1;cticos del Cap&#xED;tulo 1 -- C&#xE1;lculo de probabilidades -- Introducci&#xF3;n -- Definiciones de probabilidad Regla de la adici&#xF3;n generalizada &#x2013; Probabilidad condicionada -- Regla del producto -- Teorema de la probabilidad total y teorema de Bayes -- Independencia de sucesos -- Asignaci&#xF3;n de probabilidades &#x2013; Aplicaciones -- Ejercicios y casos pr&#xE1;cticos del Cap&#xED;tulo 2 -- Principales distribuciones &#x2013; Introducci&#xF3;n -- Variables aleatorias -- Media y varianza de una variable aleatoria -- Modelo binomial -- Modelo multinomial -- Modelo hipergeom&#xE9;trico -- Modelos geom&#xE9;trico y binomial negativa -- Modelo Poisson -- Modelo normal -- Modelo lognormal -- Modelos exponencial, Weibull y gamma -- Modelos ji cuadrado de Pearson, t de Student y F de Fisher-Snedecor -- Reproductividad de distribuciones -- Ejercicios y casos pr&#xE1;cticos del Cap&#xED;tulo 3 Inferencia &#x2013; Introducci&#xF3;n -- M&#xE9;todos de muestreo -- Simulaci&#xF3;n de variables aleatorias -- Estimaci&#xF3;n puntual -- Distribuciones muestrales -- Intervalos de confianza -- Determinaci&#xF3;n del tama&#xF1;o muestral -- Teor&#xED;a de errores en experimentaci&#xF3;n -- Contrastes de hip&#xF3;tesis -- Contrastes param&#xE9;tricos -- Relaci&#xF3;n entre intervalos y contrastes de hip&#xF3;tesis -- Contrastes no param&#xE9;tricos &#x2013; Ejercicios y casos pr&#xE1;cticos del Cap&#xED;tulo 4 -- Tablas de frecuencias -- Introducci&#xF3;n -- El test ji cuadrado de Pearson de bondad de ajuste -- Contrastes de independencia y homogeneidad -- Medidas de -- Ejercicios y casos pr&#xE1;cticos del Cap&#xED;tulo 5 -- Regresi&#xF3;n &#x2013; Introducci&#xF3;n -- El modelo de regresi&#xF3;n lineal simple -- El m&#xE9;todo de m&#xED;nimos cuadrados -- Coeficientes de correlaci&#xF3;n y de determinaci&#xF3;n -- Inferencia en el modelo de regresi&#xF3;n lineal simple -- Predicci&#xF3;n puntual y por intervalos -- Diagnosis del modelo lineal -- El modelo de regresi&#xF3;n lineal m&#xFA;ltiple -- Transformaciones y otros modelos -- Ejercicios y casos pr&#xE1;cticos del Cap&#xED;tulo 6 -- An&#xE1;lisis de la varianza -- Introducci&#xF3;n -- Anova de un factor. Comparaciones m&#xFA;ltiples de medias -- Anova con dos factores -- Introducci&#xF3;n al dise&#xF1;o de experimentos -- Introducci&#xF3;n al an&#xE1;lisis de la covarianza -- Ejercicios y casos pr&#xE1;cticos del Cap&#xED;tulo 7</subfield>
  </datafield>
  <datafield tag="526" ind1=" " ind2=" ">
    <subfield code="a">SEG44</subfield>
  </datafield>
  <datafield tag="526" ind1=" " ind2=" ">
    <subfield code="a">SEG26</subfield>
  </datafield>
  <datafield tag="526" ind1=" " ind2=" ">
    <subfield code="a">P159</subfield>
  </datafield>
  <datafield tag="526" ind1=" " ind2=" ">
    <subfield code="a">P155</subfield>
  </datafield>
  <datafield tag="526" ind1=" " ind2=" ">
    <subfield code="a">P154</subfield>
  </datafield>
  <datafield tag="526" ind1=" " ind2=" ">
    <subfield code="a">P153</subfield>
  </datafield>
  <datafield tag="526" ind1=" " ind2=" ">
    <subfield code="a">P150</subfield>
  </datafield>
  <datafield tag="526" ind1=" " ind2=" ">
    <subfield code="a">P100</subfield>
  </datafield>
  <datafield tag="526" ind1=" " ind2=" ">
    <subfield code="a">P31</subfield>
  </datafield>
  <datafield tag="526" ind1=" " ind2=" ">
    <subfield code="a">P30</subfield>
  </datafield>
  <datafield tag="526" ind1=" " ind2=" ">
    <subfield code="a">P26</subfield>
  </datafield>
  <datafield tag="526" ind1=" " ind2=" ">
    <subfield code="a">P25</subfield>
  </datafield>
  <datafield tag="526" ind1=" " ind2=" ">
    <subfield code="a">P24</subfield>
  </datafield>
  <datafield tag="526" ind1=" " ind2=" ">
    <subfield code="a">P22</subfield>
  </datafield>
  <datafield tag="526" ind1=" " ind2=" ">
    <subfield code="a">P15</subfield>
  </datafield>
  <datafield tag="526" ind1=" " ind2=" ">
    <subfield code="a">P10</subfield>
  </datafield>
  <datafield tag="650" ind1=" " ind2="7">
    <subfield code="a">Estad&#xED;stica matem&#xE1;tica</subfield>
    <subfield code="2">embne</subfield>
    <subfield code="9">1317</subfield>
  </datafield>
  <datafield tag="650" ind1=" " ind2="7">
    <subfield code="a">Hojas electr&#xF3;nicas</subfield>
    <subfield code="2">embne</subfield>
  </datafield>
  <datafield tag="700" ind1="1" ind2=" ">
    <subfield code="a">S&#xE1;nchez Rodr&#xED;guez, M. Estela</subfield>
    <subfield code="e">autor</subfield>
    <subfield code="4">aut</subfield>
  </datafield>
  <datafield tag="942" ind1=" " ind2=" ">
    <subfield code="2">ddc</subfield>
    <subfield code="c">BOOK</subfield>
    <subfield code="n">0</subfield>
  </datafield>
  <datafield tag="980" ind1=" " ind2=" ">
    <subfield code="6">18226</subfield>
    <subfield code="a">Jaime Vilcaz&#xE1;n</subfield>
    <subfield code="8">1</subfield>
    <subfield code="g">ALBERTO SANCHEZ Responsable de Automatizaci&#xF3;n</subfield>
  </datafield>
  <datafield tag="999" ind1=" " ind2=" ">
    <subfield code="c">61570</subfield>
    <subfield code="d">61570</subfield>
  </datafield>
  <datafield tag="952" ind1=" " ind2=" ">
    <subfield code="r">2025-12-02 00:00:00</subfield>
    <subfield code="i">1</subfield>
    <subfield code="l">2</subfield>
    <subfield code="o">519.2 M672t</subfield>
    <subfield code="p">81121</subfield>
    <subfield code="s">2023-08-23</subfield>
    <subfield code="t">e1</subfield>
    <subfield code="v">21.96</subfield>
    <subfield code="w">2022-09-15</subfield>
    <subfield code="x">FACIHED</subfield>
    <subfield code="y">BK</subfield>
    <subfield code="z">inventario-2023-12-13</subfield>
    <subfield code="1">0</subfield>
    <subfield code="2">ddc</subfield>
    <subfield code="5">0</subfield>
    <subfield code="7">0</subfield>
    <subfield code="8">GEN</subfield>
    <subfield code="f">P15</subfield>
    <subfield code="a">BUL</subfield>
    <subfield code="b">BUL</subfield>
    <subfield code="c">GEN</subfield>
    <subfield code="d">2022-08-23</subfield>
    <subfield code="e">LIBUN</subfield>
    <subfield code="g">16.96</subfield>
  </datafield>
</record>
